LEADER 01425nam a2200301 a 4500 001 000000124735 003 CaOOAMICUS 005 20110316120513.0 008 110316t2010 gw u000 u eng r 020 $a978-3-16-150572-0 040 $aPUL$bita 100 1 $aJudge, Edwin A.,$d1928-$0(OLS)http://pul/name/74568 245 10$aJerusalem and Athens :$bcultural transformation in late antiquity / $cE.A. Judge ; essays selected and edited by Alanna Nobbs. 260 $aTübingen :$bMohr Siebeck,$cİ2010. 300 $aXII, 352 p. ;$c24 cm 490 1 $aWissenschaftliche Untersuchungen zum Neuen Testament ;$v265 500 $aInclude indice. 504 $a"Occasional papers of E.A. Judge": p. [315]-321. 650 4$aCristianesimo$xStoria$yEvo antico.$0(OLS)http://pul/subject/28484 651 4$aGerusalemme$xStoria ecclesiastica.$0(OLS)http://pul/subject/16872 830 0$aWissenschaftliche Untersuchungen zum Neuen Testament ;$v265.$0(OLS)http://pul/title/8628 850 $aPUL 852 $aPUL$W1$xSL Religione 1$y3$m16 H 265$j143621$qStampati$B142653$CPULBib$Z2$F142653 $H116027 $82 941 1 $a8 996 $6020$a978-3-16-150572-0$9(OLS)http://pul/number/146719 996 $6245$aJerusalem and Athens :$bcultural transformation in late antiquity / $9(OLS)http://pul/title/157235 996 $6260$aTübingen :$bMohr Siebeck$9(OLS)http://pul/publisher/52004 LEADER 01001nam a2200265 u 4500 001 000000058256 003 CaOOAMICUS 005 20070226120655.0 008 010530s1941 it u000 u ita u 035 $a10890890 040 $aPUL(R)$bita 100 1 $aSiri, Giuseppe,$ccard.,$d1906-1989.$0(OLS)http://pul/name/2870 245 10$aCorso di teologia per laici /$cGiuseppe Siri. 260 $aRoma :$bStudium,$cstampa 1940. 300 $av. <1 > ;$c22 cm 500 $aInclude indici. 504 $aComprende indicazioni bibliografiche. 505 1 $av. 1. La rivelazione. 650 4$aRivelazione.$0(OLS)http://pul/subject/3064 650 4$aTeologia.$0(OLS)http://pul/subject/118 850 $aPUL 852 $aPUL$W1$xSL Religione 1$y3$m58 E 5$j76116$nBK-PRI$b $qStampati$B76116$CPULBib$Z2$F76116 $H $81 941 1 $a8 996 $6245$aCorso di teologia per laici$9(OLS)http://pul/title/78025 996 $6260$aRoma :$bStudium$9(OLS)http://pul/publisher/47892